Modern database management /
Сохранить в:
| Главный автор: | |
|---|---|
| Другие авторы: | , |
| Формат: | |
| Опубликовано: |
Redwood City, Calif. :
Benjamin/Cummings,
c1994.
|
| Редактирование: | 4th ed. |
| Предметы: | |
| Метки: |
Добавить метку
Нет меток, Требуется 1-ая метка записи!
|
MARC
| LEADER | 00000cam a2200000 a 4500 | ||
|---|---|---|---|
| 020 | |a 0805360395 |c TZS 52,500/= | ||
| 040 | |a MUL |b eng |e AACR | ||
| 082 | 0 | 0 | |a 005.74 McF |
| 100 | 1 | |a McFadden, Fred R., | |
| 245 | 1 | 0 | |a Modern database management / |c Fred R. McFadden and Jeffrey A. Hoffer. |
| 250 | |a 4th ed. | ||
| 260 | |a Redwood City, Calif. : |b Benjamin/Cummings, |c c1994. | ||
| 300 | |a xxv, 597 p. : |b ill. (some col.) ; |c 29 cm. | ||
| 500 | |a Rev. ed. of: Database management. 3rd ed. c1991. | ||
| 504 | |a Includes bibliographical references and index. | ||
| 505 | |a pt. I. The Context of Database Development. 1. The Database Environment. 2. A Database Application for Pine Valley Furniture. 3. The Database Development Process pt. II. Data Modeling and Database Design. 4. The Entity-Relationship Model. 5. The Object-Oriented Data Model. 6. Logical Design and the Relational Model. 7. Physical Database Design pt. III. Relational Database Implementation. 8. SQL: A Standard for Database Processing. 9. Implementing a dBASE IV Database. 10. Query-by-Example: Implementing a Paradox 4.0 Database. 11. Advanced Features of PC Database Systems pt. IV. Data Administration and Distributed Databases. 12. Data Administration. 13. Client/Server and Distributed Databases pt. V. Legacy Database Systems. 14. Hierarchical Database Systems. 15. Network and CODASYL Implementations App. A: Codd's 12 Rules for a Truly Relational System App. B: An Overview of PC-RDBMSs | ||
| 546 | |a eng | ||
| 650 | 0 | |a Database management. | |
| 700 | 1 | |a Hoffer, Jeffrey A. | |
| 700 | 1 | |a McFadden, Fred R., |d 1933- | |
| 942 | |c BK | ||
| 999 | |c 6911 |d 6911 | ||